| 000 -ლიდერი |
| ფიქსირებული სიგრძის საკონტროლო ველი |
01532nam a22002417a 4500 |
| 003 - საკონტროლო ნომრის იდენტიფიკატორი |
| საკონტროლო ველი |
Ge_BSU |
| 005 - ბოლო ოპერაციის თარიღი და დრო |
| საკონტროლო ველი |
20230127120730.0 |
| 008 - ფიქსირებული სიგრძის მონაცემთა ელემენტები - ზოგადი ინფორმაცია |
| ფიქსირებული სიგრძის საკონტროლო ველი |
191017s2019 ge ||||| |||| 00| 0 geo d |
| 020 ## - წიგნის საერთაშორისო სტანდარტული ნომერი |
| International Standard Book Number |
9789941964459 |
| 041 ## - ენის კოდი |
| Language code of text/sound track or separate title |
geo |
| 080 ## - უნივერსალური ათობითი კლასიფიკაციის ინდექსი |
| Universal Decimal Classification number |
341.231.14+343.1(063) გ-35 |
| 245 ## - ცნობა სათაურის შესახებ |
| Title |
გერმანულ-ქართული სამართლის დიალოგი : სისხლის სამართალი და ადამიანის უფლებები : |
| Remainder of title |
კონფერენციის მასალები / |
| Statement of responsibility, etc |
რედ : ბაჩანა ჯიშკარიანი ; მარტინ პაულ ვასმერიმ ; მთარგმ : თამარ ასათიანი. |
| 264 ## - წარმოების, გამოცემის, დისტრიბუციის და სხვა ცნობები |
| გამოცემის, წარმოების, დისტრიბუციის... ადგილი |
თბილისი : |
| გამოცემის, წარმოების, დისტრიბუციის... სახელწოდება |
საქართველოს უნივერსიტეტის გამომცემლობა, |
| გამოცემის, წარმოების, დისტრიბუციის... თარიღი |
2019. |
| 300 ## - ფიზიკური აღწერა |
| Extent |
254 გვ.: |
| Dimensions |
20 სმ. |
| 546 ## - LANGUAGE NOTE |
| Language note |
ქარტულ და ინგლისურ ენაზე. |
| 653 ## - INDEX TERM--UNCONTROLLED |
| Uncontrolled term |
სამართალი |
| 653 ## - INDEX TERM--UNCONTROLLED |
| Uncontrolled term |
ადამიანი უფლებები |
| 653 ## - INDEX TERM--UNCONTROLLED |
| Uncontrolled term |
სისხლის სამართალი |
| 700 ## - ADDED ENTRY--PERSONAL NAME |
| Personal name |
ჯიშკარიანი, ბაჩანა |
| Relator term |
რედაქტორი |
| 9 (RLIN) |
4792 |
| 700 ## - ADDED ENTRY--PERSONAL NAME |
| Personal name |
ვასმერი , მარტინ პაულ |
| Relator term |
რედაქტორი |
| 9 (RLIN) |
4797 |
| 700 ## - ADDED ENTRY--PERSONAL NAME |
| Personal name |
ასათიანი , თამარ |
| Relator term |
მთარგმნელი |
| 9 (RLIN) |
4798 |
| 942 ## - ADDED ENTRY ELEMENTS (KOHA) |
| Source of classification or shelving scheme |
|
| Koha item type |
წიგნი |